| 000 | 00659nam a22002297a 4500 | ||
|---|---|---|---|
| 003 | SISC | ||
| 005 | 20160318081457.0 | ||
| 008 | 130122t xxu||||| |||| 00| 0 eng d | ||
| 020 | _a9780382261886 | ||
| 050 |
_aMT 740 _b.M978 1995 |
||
| 082 |
_aHS 780.7 _bM698 1995 |
||
| 100 |
_aGinn, Silver Burdett, _915645 |
||
| 245 |
_aThe music connection / _cSilver Burdett Ginn, |
||
| 260 |
_aParsippany ,NJ : _bSilver Burdett Ginn, _cc1995. |
||
| 300 |
_a382 p, ; _c26 cm. _bill, ; |
||
| 562 | _e1 | ||
| 650 |
_aMusic concepts _915646 |
||
| 650 |
_aThemes & Styles. _xMusic. _915647 |
||
| 650 |
_areading. _xChoral. _915648 |
||
| 942 |
_2lcc _cBK |
||
| 999 |
_c9973 _d9973 |
||